| 000 | 01129cad a22002775a 4500 | ||
|---|---|---|---|
| 001 | L156918 | ||
| 008 | 120730e20120217xxkd f s 000 0 eng d | ||
| 035 | _a(Sirsi) u156918 | ||
| 041 | 0 | _aeng | |
| 110 | 2 |
_aRoyal Institution of Chartered Surveyors _bEconomics _95033 |
|
| 245 | 0 | 0 |
_aRICS global real estate weekly _b22 June 2012 _h[electronic resource] |
| 260 |
_aLondon _bRICS _c2012 |
||
| 490 | 0 |
_aRICS Global Real Estate Weekly _v22 June 2012 |
|
| 520 | _aFrench house building sector likely to experience slowdown through rest of 2012. Brazilian economy slows despite continued monetary easing. Worries over Hong Kong's property market intensify. New Zealand housing market remains solid. | ||
| 590 | _aKA | ||
| 650 | 2 | 4 | _aRICS GLOBAL REAL ESTATE WEEKLY |
| 651 | 4 | _aFrance | |
| 651 | 4 | _aBrazil | |
| 651 | 4 | _aHong Kong | |
| 651 | 4 | _aNew Zealand | |
| 690 |
_aCommercial property _96227 |
||
| 690 |
_aResidential property _96266 |
||
| 690 |
_aConstruction management _96230 |
||
| 856 | 4 | 0 |
_uhttps://www.rics.org/site/download_feed.aspx?fileID=12107&fileExtension=PDF _zView the report at www.rics.org |
| 942 | _n0 | ||
| 999 |
_c114487 _d114487 |
||